Top 10 Longest Living Animals - Statistics

General Stats
  • This quiz has been taken 402 times
  • The average score is 7 of 10
Answer Stats
Hint Oldest Age Animal % Correct
These are the largest land-animals and live a long time as well as remain fertile into old age. 70 years African Elephant
92%
Legend has it that these slow moving animals can out smart hares. 152 years Galapagos Giant Tortoise
78%
Just how old these marine mammals can be was discovered when a live animal was found with a harpoon that dated to over 100 years ago embedded in it’s skin! 200 years Bowhead Whale
77%
These Japanese decorative fish are often kept in outdoor ponds or water gardens. 226 years Koi Fish
75%
These long, skinny, slippery fish are often eaten smoked in many European countries. 106 years Long Finned Eel
68%
This shell fish is traditionally served baked, fried and Bostonians love it as a chowder. 507 years Ocean Quahog
65%
This non-mammalian apex predator of the sea, grows about 1cm a year and reaches maturity at about 100 years old, now that’s a long childhood! 400 years Greenland Shark
62%
This gelatinous sea creature can revert back to its premature state when exposed to stress or injury. Immortal Immortal Jellyfish
56%
These small, spiny creatures are found in the Pacific Ocean so be careful not to step on them because they sting. 200+/Immortal Red sea urchins
50%
These long-tailed, often colorful New World parrots are now endangered in the wild because of the illegal pet trade. 60-80 years Macaw
48%
No matching quizzes found
Score Distribution
Percent of People with Each Score
Percentile by Number Answered
Your Score History
You have not taken this quiz